| 000 | 00861nam a2200241Ia 4500 | ||
|---|---|---|---|
| 003 | OSt | ||
| 005 | 20220926030439.0 | ||
| 006 | a|||||r|||| 00| 0 | ||
| 007 | ta | ||
| 008 | 220923b |||||||| |||| 00| 0 eng d | ||
| 037 | _cGeneral Book | ||
| 040 |
_aRTL _cRTL _beng |
||
| 041 |
_2eng _aeng |
||
| 082 | _aX:77:(B), L0 | ||
| 100 |
_aHarbison Frederick H. et al _9334305 |
||
| 245 | 0 | _aQuantitative analyses of modernization and develop | |
| 260 |
_aPrinceton _bPrinceton University Press _c1970 |
||
| 300 |
_aviii, 321p. Appendices p.1-224; Bibliography p.73-97 _ccm. |
||
| 490 | _aPrinceton University, Economics (Department of ...), industrial relations section, research report series, 115. | ||
| 650 |
_aEconomic Development _917300 |
||
| 942 |
_hX:77:(B), L0 _cGB _2CC |
||
| 999 |
_c649776 _d649776 |
||